Nom acteurs/actrices des Marvel (MCU) - Statistiques

Statistiques générales
  • Ce quiz a été pris 1 080 fois
    783 depuis la dernière actualisation
  • Le résultat moyen est 25 sur 79
Statistiques - réponses
Hint Personnages Acteurs/Actrices % Correct
2 Captain America/ Steve Rogers Chris Evans
97%
1 Iron man/ Tony Stark Robert Downey Jr
92%
8 Spider man/ Peter Parker Tom Holland
92%
3 Thor Chris Hemsworth
91%
4 Black Widow/ Natasha Romanoff Scarlett Johansson
88%
5 Hulk/ Bruce Banner Mark Ruffalo
79%
18 Star Lord/ Peter Quill Chris Pratt
77%
7 La sorcière rouge/ Wanda Maximoff Elizabeth Olsen
77%
6 Hawkeye/ Clint Barton Jeremy Renner
70%
15 Nick Fury Samuel L.Jackson
70%
16 Loki Tom Hiddleston
70%
10 Black Panther/ T'Challa Chadwick Boseman
67%
23 Docteur Strange/ Steven Strange Benedict Cumberbatch
66%
13 Ant man/ Scott Lang Paul Rudd
66%
9 Le soldat de l'hiver/ Bucky Sebastian Stan
62%
26 Captain Marvel/ Carol Danvers Brie Larson
58%
41 Groot Vin Diesel
58%
33 MJ/ Michelle Jones Zendaya
58%
19 Gamora Zoe Saldana
55%
32 Jane Foster Natalie Portman
53%
11 Falcon/ Sam Wilson Anthony Mackie
50%
42 Rockett Bradley Cooper
49%
28 Pepper Potts Gwyneth Paltrow
43%
22 Drax Dave Bautista
41%
43 Yelena Belova Florence Pugh
41%
24 Vision Paul Bettany
38%
14 La guêpe/ Hope Van Dyne Evangeline Lilly
36%
17 Vif Argent/ Pietro Maximoff Aaron Taylor Johnson
35%
12 War Machine/ James Rhodes Don Cheadle
33%
47 Heimdall Idris Elba
31%
35 Odin Anthony Hopkins
30%
27 Happy Hogan Jon Favreau
30%
25 Thanos Josh Brolin
30%
57 Thena Angelina Jolie
28%
49 Hela Cate Blanchett
28%
60 Mysterio/ Quentin Beck Jake Gyllenhaal
28%
53 Wong Benedict Wong
27%
48 Hank Pym Michael Douglas
27%
21 Mantis Pom Klementieff
27%
38 Valkyrie Tessa Thompson
25%
20 Nebula Karen Gillan
24%
61 Kate Bishop Hailee Steinfeld
18%
29 Maria Hill Cobie Smulders
16%
34 Shuri Letitia Wright
16%
68 Erik Killmonger Mickael B Jordan
13%
39 L'ancien Tilda Swinton
13%
30 Baron Zemo Daniel Bruhl
12%
44 Peggy Carter Hayley Atwell
12%
52 May Parker Marisa Tomei
12%
67 Shang Chi Simu Liu
12%
54 Ulysse Klaue Andy Serkis
11%
55 Ikaris Richard Madden
11%
78 Korg Taika Waititi
11%
51 Sharon Carter Emily VanCamp
10%
50 Crane rouge Hugo Weaving
10%
73 Ego Kurt Russell
10%
74 Kaecilius Mads Mikkelsen
9%
58 Everett Ross Martin Freeman
9%
40 Yondu Udonta Michael Rooker
9%
31 Phil Coulson Clark Gregg
8%
45 Okoye Danai Gurira
8%
69 Le grand maître Jeff Goldblum
8%
62 Ramonda Angela Bassett
7%
46 Ned Leeds Jacob Batalon
6%
36 Darcy Lewis Kat Dennings
6%
71 Erik Selvig Stellan Skarsgard
6%
56 Sersi Gemma Chan
5%
66 Yon Rogg Jude Law
5%
72 Agatha Harkness Kathryn Hahn
5%
59 Frigga René Russo
5%
64 Laura Barton Linda Cardellini
4%
63 Malekith Christopher Eccleston
3%
70 Aldrich Kilian Guy Pearce
3%
77 Sif Jaimie Alexander
3%
75 Justin Hammer Sam Rockwell
3%
79 Ava Starr (Le fantôme) Hannah John Kamen
2%
37 Harley Keener Ty Simpkins
2%
65 Morgan Stark Lexi Rabe
1%
76 Maya Hansen Rebecca Hall
1%
Aucun quiz correspondant
Distribution des résultats
% des personnes avec chaque résultat
Percentile par nombre de réponses
Votre historique - résultats
Vous n’avez pas pris ce quiz depuis la dernière actualisation